000 00413nam a2200157 i 4500
001 bg
100 1 _aDąbrowski, Mirosław
_d(1926- ).
245 1 0 _aMaszyny indukcyjne w wierniku masywnym /
_cMirosław Dąbrowski, Jacek Gieras.
260 _aWarszawa,
_c1977.
700 1 _aGIERAS, Jacek.
040 _cBPK
041 _apol
080 _a621.313
942 _cKS
008 s pl f |000 0 pol
999 _c17366
_d17366
856 _uhttp://koha.tu.koszalin.pl/cgi-bin/koha/opac-detail.pl?biblionumber=17366
_yKatalog online BPK